000
00242nam a2200097Ia 4500
005
20251222114343.0
008
251222s1900||||xx |||||||||||||| ||spa||
082
_a
DVD0070/M86/2006
245
0
_a
Ciudad de los hombres:Cidade dos homens
942
_c
DVD
999
_c
945
_d
945